LDR 00701naa#a2200181#i#450# 001 EN\\bibl\121783 005 20260501080534.5 011 ## _a1998-8990 100 ## _a20260423b2026####ek#y0engy0150####ca 102 ## _aRU 200 1# _aEMISSIONS DYNAMICS IN THE RUSSIAN FEDERATION: THE IMPACT OF INDUSTRIAL GROWTH AND THE EFFECT OF ECOLOGIZATION _eJournal article 210 1# _aSaint-Petersburg _cSaint-Petersburg University of State Fire Service of Emercom of Russia _d2026 215 ## _a14 с. 608 ## _aJournal article _2local 675 ## _aЭкология человека и окружающая среда. 504.75 _z 700 #1 _aPigilova _gRoza N. 700 #1 _aGaynullina _gLeysan Raisovna 856 4# _ajournals.igps.ru _u